000 00605nam a22001937a 4500
999 _c15318
_d15318
003 AR-CdUCM
008 190426b ||||| |||| 00| 0 spa d
040 _aMUNICIPALIDAD PROVINCIAL DEL CUSCO
_cBIBLIOTECA MUNICIPAL DEL CUSCO
082 _aES / 373 /
_bSA18
100 _aSalgari, E
_9902
245 _aAventuras entre los pieles rojas /
260 _aBarcelona :
_bMolino,
_c1955.
300 _a150 paginas ;
_bIlustraciones, graficos, dibujos
_c20 cm.
500 _aCuentos y literaturas
650 _aHistoria
_9246
650 _aLiteratura
_983
942 _2ddc
_cLIBROS
945 _apjha
_d2019-04-26